000 01208cpcaa2200301 a 4500
001 mm2009085481
003 DLC
005 20260227111731.0
008 090824|||||||||||| eng
010 _amm2009085481
040 _aDLC
_edacs
_cDLC
_dDLC
072 7 _aW
_2lcmd
100 1 _aBrewster, E. G.,
_dapproximately 1836-
245 0 0 _aE.G. Brewster correspondence,
_f1861.
300 _a1
_fitem.
520 8 _aALS (1861 February 20; Oxford Furnace) written by Brewster discussing Abraham Lincoln, Grace Bedell, and Bedell's letter to Lincoln in which she recommends that he should grow whiskers. Also mentions transactions in the mercantile trade.
506 0 _aOpen to research.
545 0 _aMerchant of Oxford, N.J.
546 _aCollection material in English.
580 _aForms part of: Miscellaneous Manuscripts collection.
600 1 0 _aBedell, Grace,
_d1848-1936.
600 1 0 _aLincoln, Abraham,
_d1809-1865.
651 0 _aNew Jersey
_xCommerce.
651 0 _aOxford (N.J.)
_xHistory.
656 7 _aMerchants.
_2itoamc
999 _c44800
_d44800